000 00713nam a2200253Ia 4500
008 200601s9999 xx 000 0 und d
020 _a981-261-265-3
050 _aREF DS 215
050 _b.N67 2006
100 _aNorth, Peter.
245 0 _aCultureshock! :
245 0 _bSaudi Arabia /
245 0 _cPeter North & Harvey Tripp.
260 _aSingapore :
260 _bMarshall Cavendish Editions,
260 _c2006
300 _a270 pages :
300 _billustrations (some color) ;
300 _c22 cm.
440 _aCultureshock!
500 _aIncludes bibliographical references and index.
650 _aEtiquette -- Saudi Arabia.
650 _xSaudi Arabia -- Social life and customs.
999 _c363289
_d363289